000 00426nam a2200157Ia 4500
003 OSt
005 20230529104311.0
008 211028s2015 xx 000 0 und d
040 _cAIMIT LIBRARY
041 _aeng
100 _aDsouza, Austin Solomon; Ruban, S.
_98560
_e131903
110 _aRuban S
_98561
245 _aReal time sentiment analysis using social media data.
260 _aMangalore
_c2015
942 _2ddc
_cPRO
999 _c219949
_d219949